| 000 | 01121cam a22003255a 4500 | ||
|---|---|---|---|
| 001 | 016175358 | ||
| 003 | OSt | ||
| 005 | 20201128023649.0 | ||
| 008 | 120220t2012 nyua fr 001 0 eng d | ||
| 020 | _a9780071314398 (pbk.) | ||
| 020 | _a0071314393 (pbk.) | ||
| 040 |
_aUkOxU _beng _cUkOxU _dUk _dEG-ScBUE |
||
| 082 | 0 | 4 |
_a620.1123 _bMEC _222 |
| 245 | 0 | 0 |
_aMechanics of materials / _cFerdinand P. Beer ... [et al.] |
| 250 |
_a6th ed., Global ed. / _badapted by Sanjeev Sanghi. |
||
| 260 |
_aNew York : _bMcGraw-Hill, _cc.2012. |
||
| 300 |
_a1 v. (various pagings) : _bill. ; _c25 cm. |
||
| 500 | _aIncludes index. | ||
| 500 | _aPrevious ed. : 2009. | ||
| 650 | 7 |
_aMechanics, Applied. _2BUEsh _92049 |
|
| 650 | 7 |
_aMechanics, Applied _vProblems, exercises, etc. _2BUEsh _939472 |
|
| 650 | 7 |
_aStrength of materials. _2BUEsh _910669 |
|
| 650 | 0 |
_aStrength of materials _vProblems, exercises, etc. _2BUEsh _926031 |
|
| 651 | _2BUEsh | ||
| 653 |
_bENGMEC _cMarch2016 |
||
| 655 |
_vReading book _934232 |
||
| 700 | 1 |
_aBeer, Ferdinand P. _q(Ferdinand Pierre), _d1915-2003. _912477 |
|
| 700 | 1 | _aSanghi, Sanjeev. | |
| 942 | _2ddc | ||
| 999 |
_c21297 _d21269 |
||